Podział Administracyjny Głogowa - Statystyki

Ogólne statystyki
  • Ten quiz został rozwiązany 14 razy
    13 od ostatniego zresetowania
  • Średni wynik to 6 z 19
Statystyki odpowiedzi
Jednostka % Poprawnych
Brzostów
56%
Nosocice
56%
Przedmoście
56%
Ruszowice
56%
Serby
56%
Stare Serby
56%
Krzepów
44%
Borek
33%
Grodziec Mały
33%
Klucze
33%
Szczyglice
33%
Widziszów
33%
Biechów
22%
Krzekotów
22%
Wilków
22%
Zabornia
22%
Turów
11%
Górkowo
0%
Rapocin
0%
Nie znaleziono quizów pasujących do podanych kryteriów
Rozkład punktacji
Procent ludzi z każdym wynikiem
Percentyl według liczby udzielonych odpowiedzi
Twoja historia wyników
Nie rozwiązałeś tego quizu od ostatniego zresetowania